000 00586nam a2200181 a 4500
005 20140311163001.0
008 020821s19uu xx 00 eng d
050 _aHD 30.28
_b.Sa264 1998
100 _aSanders, T. Irene
245 _aStrategic thinking and the new science :
_bplanning in the midst of chaos, complexity and change /
_cT. Irene Sanders.
260 _aNew York:
_bThe Free Press,
_cc1998.
300 _a184 p. :
_bill. ;
_c24 cm.
521 _aBSBA
650 _aStrategic planning
650 _aChaotic behavior in systems
942 _cBK
_2lcc
_kFOR
999 _c39210
_d39210